1353 1488 1889 1682 1795 1961 1670 1417 1345 1078 1193 1411 1823 1414 1931 1020 1898 1367 1002 1822 1314 1960 1460 1112 1336 1836 1741 1795 1656 1674 1204 1871 1203 1888 1286 1003 1491 1584 1340 1758 1888 1206 1841 1192 1210 1083 1561 1515 1190 1971 1112 1076 1938 1556 1357 1955 1908 1873 1162 1244 1932 1787 1281 1257 1705 1949 1201 1421 1686 1417 1291 1286 1533 1947 1223 1067 1519 1647 1156 1272 1131 1679 1247 1472 1078 1976 1261 1568 1421 1490 1706 1799 1412 1025 1350 1430 1520 1815 1209 BCNSPRNW ULIB Ver.6.0+V

เปลี่ยนเป็นภาษาไทย

Change to English
 แสดงรายละเอียดบรรณานุกรม
  กลับหน้าหลัก

Brief Record : Get Marc (ISO 2709) : E-mail record : QR code < ปิดหน้าต่าง
LEADER : 00000nam 2200000uu 4500
001    13399122653
003     ULIB
008    020711s2556 th a 000 0 tha d
020    9786162792021
060  4 WA100^bส743
110 1  มหาวิทยาลัยมหิดล.^bสถาบันวิจัยประชากรและสังคม(วปส.)
245    1 ทศวรรษ สุขภาพคนไทย 2556. /^cสถาบันวิจัยประชากรและสังคม(วปส.)
250    พิมพ์ครั้งที่ 1
260    นครปฐม :^bสถาบันวิจัยประชากรและสังคม,^c2556
300    110 หน้า
650  7 ความขัดแย้งทางการเมือง
650  7 การก่อการร้าย^xไทย(ภาคใต้)
650  7 การปฏิรูปสังคม^xไทย
650  7 ความยุติธรรมทางสังคม
650  7 นโยบายด้านสาธารณสุข
650  7 ดัชนีสุขภาพ
650  7 พฤติกรรมทางเพศ
710 1  สำนักงานกองทุนสนับสนุนการสร้างเสริมสุขภาพ(สสส.)
710 1  สำนักงานคณะกรรมการสุขภาพแห่งชาติ(สช.)
945    ^p0^l0^i20109
995    ทศพร
999    ^aทศพร เกษรทอง
รายการนี้ยังไม่มีแท็ก
คุณยังไม่ได้ล็อกอิน คุณสามารถมีกิจกรรมร่วมกับเว็บไซต์ได้ แต่ต้องล็อกอินก่อน ::
  ล็อกอิน

รายการสื่อสารสนเทศ

ลำดับที่ ประเภท เลขเรียก/บาร์โค้ด สถานที่ สถานะ
1. วิทยาศาสตร์การแพทย์ และสุขภาพ
วิทยาศาสตร์การแพทย์ และสุขภาพ
WA100 ส743 ฉ.1 
  Barcode: 20109
ห้องสมุดวิทยาเขตนครสวรรค์
►หนังสือทั่วไป:l:General Books
บนชั้น

รายการใกล้เคียง
    หัวเรื่อง [นโยบายด้านสาธารณสุข]
    หัวเรื่อง [ดัชนีสุขภาพ]
    หัวเรื่อง [พฤติกรรมทางเพศ]

BibComment


ยังไม่เคยถูกคอมเมนท์

คอมเมนท์ทรัพยากรรายการนี้
  คอมเมนท์: 1 ทศวรรษ สุขภาพคน..


 Copyright 2026. Bcnsprnw @Library